| 000 | 01138nas a2200313 i 4500 | ||
|---|---|---|---|
| 001 | 1693 | ||
| 003 | ES-MaACL | ||
| 005 | 20250807062537.0 | ||
| 007 | t| | ||
| 008 | 950801d19131936sp m| | 1 ||pa d | ||
| 022 | _a1131-4664 | ||
| 080 | _a61 | ||
| 245 | 0 | 4 |
_aLos Progresos de la clínica / _cdir., Luis Guedea y Calvo, Antonio Simonena y Zabalegui. |
| 260 |
_aMadrid : _b[Progresos de la Clínica], _c1913-1936 ( _fImp. Alemana) |
||
| 300 |
_a38 v. : _bil. ; _c29 y 22 cm. |
||
| 310 | _aMensual | ||
| 362 | 0 | _aAño 1, t. 1, n. 1 (en. 1913)-año 24, t. 44, n.295 (jul. 1936) | |
| 500 | _aDesde 1927 se publica solamente un tomo de en. a dic. | ||
| 650 | 7 |
_aMedicina _2embne _914891 |
|
| 700 | 1 |
_aGuedea y Calvo, Luis, _edir. _960402 |
|
| 700 | 1 |
_aSimonena y Zabalegui, Antonio. _9106567 |
|
| 700 | 1 |
_aJiménez García, Ramón. _966530 |
|
| 700 | 1 |
_aPeña y Díaz, Leonardo de la, _d1875-1957 _990232 |
|
| 700 | 1 |
_aVerdes Montenegro, José, _d1866-1942 _9114026 |
|
| 700 | 1 |
_aRamón y Cajal, Santiago, _d1852-1934 _9226468 |
|
| 852 | 4 |
_aES-MaACL _jHem-216 |
|
| 866 | 0 | _o1913-15(1916f.feb.y abril)1917-36 | |
| 999 |
_c1693 _d1693 |
||